<?xml version="1.0" encoding="UTF-8"?><?xml-stylesheet type="text/xsl" href="static/style.xsl"?><OAI-PMH xmlns="http://www.openarchives.org/OAI/2.0/" xmlns:xsi="http://www.w3.org/2001/XMLSchema-instance" xsi:schemaLocation="http://www.openarchives.org/OAI/2.0/ http://www.openarchives.org/OAI/2.0/OAI-PMH.xsd"><responseDate>2026-04-28T21:15:18Z</responseDate><request verb="GetRecord" identifier="oai:uvadoc.uva.es:10324/68558" metadataPrefix="marc">https://uvadoc.uva.es/oai/request</request><GetRecord><record><header><identifier>oai:uvadoc.uva.es:10324/68558</identifier><datestamp>2024-07-08T19:03:12Z</datestamp><setSpec>com_10324_38</setSpec><setSpec>col_10324_787</setSpec></header><metadata><record xmlns="http://www.loc.gov/MARC21/slim" xmlns:doc="http://www.lyncode.com/xoai" xmlns:xsi="http://www.w3.org/2001/XMLSchema-instance" xmlns:dcterms="http://purl.org/dc/terms/" xsi:schemaLocation="http://www.loc.gov/MARC21/slim http://www.loc.gov/standards/marcxml/schema/MARC21slim.xsd">
<leader>00925njm 22002777a 4500</leader>
<datafield tag="042" ind1=" " ind2=" ">
<subfield code="a">dc</subfield>
</datafield>
<datafield tag="720" ind1=" " ind2=" ">
<subfield code="a">Martín Abril, Andrea</subfield>
<subfield code="e">author</subfield>
</datafield>
<datafield tag="260" ind1=" " ind2=" ">
<subfield code="c">2024</subfield>
</datafield>
<datafield tag="520" ind1=" " ind2=" ">
<subfield code="a">En el presente trabajo se lleva a cabo un estudio de la aplicación de la excusa absolutoria del artículo 183 bis CP a través de la defensa de un acusado de agresión sexual a menor de 16 años, solicitando que se aplique la misma y que se entienda que es una circunstancia modificativa de la responsabilidad penal, al considerar que se cumplen con los requisitos del artículo 183 bis CP para su aplicación.</subfield>
</datafield>
<datafield tag="024" ind2=" " ind1="8">
<subfield code="a">https://uvadoc.uva.es/handle/10324/68558</subfield>
</datafield>
<datafield tag="245" ind1="0" ind2="0">
<subfield code="a">La aplicación de la cláusula Romeo y Julieta excusa absolutoria del artículo 183 bis CP</subfield>
</datafield>
</record></metadata></record></GetRecord></OAI-PMH>